History Quiz

Random History Quiz

Federal Executive Departments Quiz Stats

 Plays Quiz not verified by Sporcle

Challenge
Share
Tweet
Embed
Score 0/15 Timer 05:00
0 Plays Today
Year Created Name % Correct
1789Department of State
95.7%
1789Department of the Treasury
95.7%
1947Department of Defense
91.3%
1849Department of the Interior
82.6%
1980Department of Education
82.6%
1870Department of Justice
73.9%
1903Department of Commerce
73.9%
1862Department of Agriculture
69.6%
Year Created Name % Correct
1977Department of Energy
69.6%
1913Department of Labor
65.2%
1966Department of Transportation
65.2%
2002Department of Homeland Security
60.9%
1953Department of Health and Human Services
56.5%
1989Department of Veterans Affairs
52.2%
1965Department of Housing and Urban Development
47.8%

You're not logged in!

Compare scores with friends on all Sporcle quizzes.
OR
Log In

You Might Also Like...

Show Comments

Extras

Created Jan 11, 2016ReportNominate
Tags:department, executive, federal

Top Quizzes Today


Score Distribution

Your Account Isn't Verified!

In order to create a playlist on Sporcle, you need to verify the email address you used during registration. Go to your Sporcle Settings to finish the process.

Report this User

Report this user for behavior that violates our Community Guidelines.

Details: